000 01329nam a2200349 a 4500
001 000018507
003 DO-SdBNP
005 20250305093321.0
007 ta
008 100511s2009 dr c 000 0 spa d
020 _a9789993458791
040 _aDO-SdBNP
_bspa
_cBNPHU
082 4 _a333.72
_bG643m
_222
100 1 _aGonzález, Juan Antonio
_917770
245 1 0 _aMedio ambiente y calentamiento global ¿Apocalipsis o realidad? /
_cJuan Antonio González ; encargado de edición Candido Gerón ; corrección de pruebas Paula Batista.
260 _aSanto Domingo :
_bMonumental,
_c2009.
300 _a313 p. :
_bil., fots., mapa, retrs. ;
_c23 cm.
500 _aIncluye datos biográficos del autor en las solapas
500 _aIncluye referencias bibliográficas y notas al pie de las páginas
590 _aInventariado, 2022/MFF
650 4 _aConservación del medio ambiente
_933540
_zRepública Dominicana
650 0 _aECOLOGÍA
_99251
650 4 _aControl ambiental
_940030
650 4 _aConservación de la naturaleza
_940031
650 0 _aCalentamiento global
_933987
650 4 _aEfecto de invernadero
_940032
650 4 _aDeforestación
_910808
700 1 _aGern, Candido,
_e ed.
_940035
700 1 _aBatista, Paula,
_ecorr.
_940036
910 _aValidado. Control de calidad MFF
942 _2ddc
_cLBS1
999 _c18027
_d18027